The Bird Atlas of Uganda (Record no. 2233)
[ view plain ]
| 000 -LEADER | |
|---|---|
| fixed length control field | 00612nam a22002177a 4500 |
| 003 - CONTROL NUMBER IDENTIFIER | |
| control field | OSt |
| 005 - DATE AND TIME OF LATEST TRANSACTION | |
| control field | 20191122115916.0 |
| 008 - FIXED-LENGTH DATA ELEMENTS--GENERAL INFORMATION | |
| fixed length control field | 150907b xxu||||| |||| 00| 0 eng d |
| 020 ## - INTERNATIONAL STANDARD BOOK NUMBER | |
| International Standard Book Number | 0952286645 |
| 020 ## - INTERNATIONAL STANDARD BOOK NUMBER | |
| International Standard Book Number | 0952286648 |
| 040 ## - CATALOGING SOURCE | |
| Transcribing agency | DDC |
| 082 ## - DEWEY DECIMAL CLASSIFICATION NUMBER | |
| Classification number | 598 BIR 2005 |
| 100 ## - MAIN ENTRY--PERSONAL NAME | |
| Personal name | Carlwell, Margaret [et....al] |
| 9 (RLIN) | 5675 |
| 245 ## - TITLE STATEMENT | |
| Title | The Bird Atlas of Uganda |
| 260 ## - PUBLICATION, DISTRIBUTION, ETC. (IMPRINT) | |
| Place of publication, distribution, etc. | Oxford University; |
| Name of publisher, distributor, etc. | British Ornithologists' club, |
| Date of publication, distribution, etc. | 2005 |
| 300 ## - PHYSICAL DESCRIPTION | |
| Extent | xi,553p; |
| Other physical details | col.ill: |
| Dimensions | 26cm |
| 504 ## - BIBLIOGRAPHY, ETC. NOTE | |
| Bibliography, etc | Appendices, references, & index included |
| 650 ## - SUBJECT ADDED ENTRY--TOPICAL TERM | |
| Topical term or geographic name as entry element | Birds atlas |
| 9 (RLIN) | 5676 |
| 650 ## - SUBJECT ADDED ENTRY--TOPICAL TERM | |
| Topical term or geographic name as entry element | Ornithology |
| 9 (RLIN) | 5483 |
| 942 ## - ADDED ENTRY ELEMENTS (KOHA) | |
| Source of classification or shelving scheme | Other/Generic Classification Scheme |
| Koha item type | Open Shelf |
| Withdrawn status | Lost status | Source of classification or shelving scheme | Damaged status | Not for loan | Home library | Current library | Date acquired | Source of acquisition | Inventory number | Total Checkouts | Full call number | Barcode | Date last seen | Koha item type | Price effective from |
|---|---|---|---|---|---|---|---|---|---|---|---|---|---|---|---|
| Dewey Decimal Classification | MUST Main Library | MUST Main Library | 07/09/2015 | 15/39104 | 598 BIR 2005 | 2015-2210 | 07/09/2015 | Open Shelf | |||||||
| Dewey Decimal Classification | MUST Main Library | MUST Main Library | 28/03/2017 | 11/34498 | 598 BIR 2005 | 2017-0675 | 28/03/2017 | Open Shelf | 28/03/2017 |
